000 00462cam a22001097a 4500
008 180718b1972 xxu||||| |||| 00| 0 eng d
082 _aT39x4 Un3
245 _aDecision-making process in respect of imports in selected socialist countries of eastern europe
_cby United Nations Conference on Trade and Development, Switzerland
260 _aNew York
_bUnited Nations
_c1972
300 _a22p
700 _aSwitzerland. United Nations Conference on Trade and Development
999 _c497873
_d497873